Luces de bohemia
Zapisane w:
| 1. autor: | |
|---|---|
| Format: | Książka |
| Język: | Undetermined |
| Wydane: |
Madrid, España
Espasa-Calpe
1979
|
| Wydanie: | 2 |
| Hasła przedmiotowe: | |
| Etykiety: |
Dodaj etykietę
Nie ma etykietki, Dołącz pierwszą etykiete!
|
MARC
| LEADER | 00000nam a2200000Ia 4500 | ||
|---|---|---|---|
| 008 | 170316s9999 xx 000 0 und d | ||
| 040 | |a cru BVZT | ||
| 090 | |a 862 V-7L | ||
| 100 | |a Valle-Inclán, Ramón María del | ||
| 245 | |a Luces de bohemia | ||
| 250 | |a 2 | ||
| 260 | |a Madrid, España | ||
| 260 | |b Espasa-Calpe | ||
| 260 | |c 1979 | ||
| 300 | |a 177 páginas | ||
| 650 | |a LITERATURA ESPAÑOLA | ||
| 650 | |a TEATRO | ||
| 999 | |c 10596 |d 10596 | ||
| 942 | |c 15 D |h 862 V-7L |2 z | ||
